000 00851nmm a2200277 a 4500
001 ocm000782491
003 TR-IsHL
005 20201028152555.0
008 150709s2009 tu tur
007 cr cn
020 _a9789753861403
035 _a782491
_b(N$T)
050 0 4 _aPJ7826.12
_b.K34 2009
090 0 4 _aPJ7826.12
_b.K34 2009
100 1 _aCibran, Halil
245 1 0 _aKafir Halil: hikayesi
_h[electronic resource] /
_cHalil Cibran
250 _a1. bs.
260 _aİstanbul :
_bYaba Yayınları,
_c2009
300 _a70 p.
650 4 _aÇevre Bilimleri
650 4 _aEnvironmental Sciences
650 0 _aArap Edebiyatı
650 0 _aArabic literature
650 7 _aLITERARY COLLECTIONS / Middle Eastern
_2bisacsh
856 4 0 _uhttp://search.ebscohost.com/login.aspx?direct=true&scope=site&db=e011xww&AN=782491
999 _c11597
_d11597